00458nam a2200193Ia 4500008004100000020001400041050001400055100001900069245003500088245002300123260001500146260001600161260000900177300001600186300002000202300001000222300002400232500000800256170918s9999 xx 000 0 und d a439806917 bK692 2014 aKnife & Packer aCaptain fact space adventure / cby Knife & Packer. aNew York : bScholastic, c2014 a102 pages : billustrations ; c19cm. eCaptain underpants. a750